| 000 | 00580nam a2200157 4500 | ||
|---|---|---|---|
| 999 |
_c6621 _d6621 |
||
| 008 | 170421b xxu||||| |||| 00| 0 eng d | ||
| 022 | _a0091-4169 | ||
| 082 | _aDPer 364.05 J82 2013 v. 103, n. 1 | ||
| 100 |
_920050 _aJohnston, E. Lea. |
||
| 245 |
_aVulnerability and just desert: _ba theory of sentencing and mental illness/ _cE. Lea Johnston. |
||
| 260 |
_aEvanston: _bNorthwestern University Press, _c©2013. |
||
| 300 |
_av103 n1, pages 147-230; _c25 cm. |
||
| 500 | _aThe Journal of criminal law and criminology. | ||
| 650 | 0 |
_920051 _aInsanity defense |
|
| 942 |
_2ddc _cPER |
||